000 00333nam a2200133Ia 4500
008 260604s9999 xx 000 0 und d
020 _a9781529770575
082 _a658.4 VOL
100 _aHenk w.
_935761
245 0 _aStrategic Management: From Confrontation to Transformation
260 _bSAGE
500 _aStrategy
942 _cBK
999 _c8588
_d8588